| 000 | 00776nam a22001817a 4500 | ||
|---|---|---|---|
| 999 |
_c14923 _d14923 |
||
| 003 | OSt | ||
| 082 | _2631.3 DAY/IN | ||
| 088 | _a361 | ||
| 100 |
_aDAYANAND KUMBAR _93534 |
||
| 245 | _aInvestigations on energy conservation of waste coconut water through an up-flow anaerobic hybrid bioreactor | ||
| 260 |
_aTavanur 2016 _bDEPARTMENT OF FARM POWER, MACHINERY AND ENERGY |
||
| 300 | _a88 | ||
| 500 | _aInvestigations on energy conservation of waste coconut water through an up-flow anaerobic hybrid bioreactor | ||
| 520 | _aInvestigations on energy conservation of waste coconut water through an up-flow anaerobic hybrid bioreactor | ||
| 700 |
_aDr. Shaji James P (Guide) _93535 |
||
| 856 | _uhttps://drive.google.com/open?id=1nIrlnIQby8UUIGon649xDHHBZs41Cc9p | ||
| 942 | _cTH | ||